Flags of the World Chain Game #3 - Statistics

General Stats
  • This quiz has been taken 5,794 times
  • The average score is 9 of 12
Answer Stats
Hint Answer % Correct
HTML tutorial South Korea
100%
HTML tutorial Algeria
90%
HTML tutorial Norway
89%
HTML tutorial Croatia
87%
HTML tutorial Lebanon
85%
HTML tutorial Panama
83%
HTML tutorial Chile
81%
HTML tutorial Eritrea
64%
HTML tutorial North Korea
64%
HTML tutorial Seychelles
63%
HTML tutorial Ecuador
62%
Syria
61%
No matching quizzes found
Score Distribution
Percent of People with Each Score
Percentile by Number Answered
Your Score History
You have not taken this quiz